000 00614nam a2200241Ia 4500
003 OSt
005 20221005131934.0
006 a|||||r|||| 00| 0
007 ta
008 221004b |||||||| |||| 00| 0 tam d
024 _a48000
037 _cTextual
040 _aCRL
_cCRL
_btam
041 _2tam
_atam
082 _aO31,1:g, L3
100 _aJnanamurthi Au.
_9640342
245 0 _aTamizh kaappiianga lil avala virargal
260 _c1973
650 _a TAMIL POETRY
650 _aTAMIL LITERATURE
942 _hO31,1:g, L3
_cTEXL
_2cc
999 _c1061897
_d1061897